[Event "Prague Visus op"]
[Site "Prague"]
[Date "2005.07.05"]
[Round "4"]
[White "Stojkovic, Andreja"]
[Black "Boehm, Tomas"]
[Result "1-0"]
[WhiteElo "1999"]
[BlackElo "2113"]
[PlyCount "99"]
[EventDate "2005.07.02"]
[EventType "swiss"]
[EventRounds "9"]
[EventCountry "CZE"]
[SourceTitle "CBM 107 Extra"]
[Source "ChessBase"]
[SourceDate "2005.09.01"]
[SourceVersion "1"]
[SourceVersionDate "2005.09.01"]
[SourceQuality "1"]

1. e4 e6 2. d4 d5 3. Nd2 dxe4 4. Nxe4 Nd7 5. Nf3 Ngf6 6. Bg5 Be7 7. Ng3 h6 8. Bd2 b6 9. Bb5 0-0 10. Bc6 Rb8 11. Qe2 Bb7 12. Bxb7 Rxb7 13. c4 c5 14. 0-0 Bd6 15. Rfd1 Qb8 16. Bc3 cxd4 17. Nxd4 Bf4 18. Nc6 Qc7 19. Qf3 Re8 20. Re1 Kh8 21. Rad1 e5 22. Nb4 Nc5 23. Nd5 Nxd5 24. cxd5 Qd6 25. b4 Nd7 26. Ne4 Qg6 27. g3 f5 28. Nd2 Bxd2 29. Rxd2 e4 30. Qf4 Rbb8 31. Qc7 Red8 32. Bb2 Rbc8 33. Qf4 b5 34. Bd4 Rc4 35. Bxa7 Re8 36. Bd4 Nf6 37. Bxf6 Qxf6 38. Qe3 Rc3 39. Qf4 Rf3 40. Qc7 Rf8 41. d6 f4 42. Qe7 Qf5 43. Qxe4 fxg3 44. hxg3 Qd7 45. Qe6 Qd8 46. d7 Qg5 47. Qd6 Qd8 48. Rde2 Kh7 49. Re8 R8f6 50. Qxf6 1-0

[Event "Prague Visus op"]
[Site "Prague"]
[Date "2005.07.02"]
[Round "1"]
[White "Boehm, Tomas"]
[Black "Voloshin, Leonid"]
[Result "0-1"]
[WhiteElo "2113"]
[BlackElo "2477"]
[PlyCount "80"]
[EventDate "2005.07.02"]
[EventType "swiss"]
[EventRounds "9"]
[EventCountry "CZE"]
[SourceTitle "CBM 107 Extra"]
[Source "ChessBase"]
[SourceDate "2005.09.01"]
[SourceVersion "1"]
[SourceVersionDate "2005.09.01"]
[SourceQuality "1"]

1. e4 c5 2. Nf3 e6 3. d4 cxd4 4. Nxd4 a6 5. Nc3 b5 6. Bd3 Qc7 7. 0-0 Nf6 8. Qe2 Bd6 9. h3 Nc6 10. Nxc6 dxc6 11. f4 e5 12. f5 h5 13. Be3 Bb7 14. a4 h4 15. Rfe1 Be7 16. Kh2 Rc8 17. b3 Nd7 18. Qf2 Bb4 19. Bd2 Bc5 20. Qf3 Qb6 21. Rf1 Be7 22. Rab1 Qd8 23. Nd1 Bg5 24. Bc3 Bf4+ 25. Kg1 Qg5 26. Qg4 Qxg4 27. hxg4 Nf6 28. Nf2 Be3 29. Rfe1 Bf4 30. Be2 0-0 31. Bf3 c5 32. Nd3 Bg3 33. Re2 c4 34. Nb4 cxb3 35. Rxb3 bxa4 36. Ra3 Rc4 37. Nd5 Bxd5 38. exd5 e4 39. Bxf6 exf3 40. gxf3 gxf6 0-1